Online katalóg knižníc regiónu Turca

Čriepky šťastia : (Record no. 20541)

MARC details
000 -LEADER
fixed length control field 01280nam a22003611i 4500
001 - CONTROL NUMBER
control field 20541
003 - CONTROL NUMBER IDENTIFIER
control field CZ PrNK
005 - DATE AND TIME OF LATEST TRANSACTION
control field 20260126110455.0
007 - PHYSICAL DESCRIPTION FIXED FIELD--GENERAL INFORMATION
fixed length control field ta
008 - FIXED-LENGTH DATA ELEMENTS--GENERAL INFORMATION
fixed length control field 010901s1976 xr af 000 | slo
015 ## - NATIONAL BIBLIOGRAPHY NUMBER
National bibliography number cnb001073181
020 ## - INTERNATIONAL STANDARD BOOK NUMBER
Qualifying information (Vázáno) :
Terms of availability Kčs 32,00
040 ## - CATALOGING SOURCE
Original cataloging agency ABA001
Language of cataloging cze
Transcribing agency ABA001
Modifying agency ABA001
Description conventions rda
041 1# - LANGUAGE CODE
Language code of text/sound track or separate title slo
Language code of original eng
044 ## - COUNTRY OF PUBLISHING/PRODUCING ENTITY CODE
MARC country code xr
-- xo
100 1# - MAIN ENTRY--PERSONAL NAME
Personal name Fitzgerald, Francis Scott,
Dates associated with a name 1896-1940
Relationship aut
245 10 - TITLE STATEMENT
Title Čriepky šťastia :
Remainder of title výber z poviedok /
Statement of responsibility, etc. F. Scott Fitzgerald ; preložili Magda Brandoburová, Verona Chorváthová a Katarína Jusková ; ilustroval Stanislav Dusík
250 ## - EDITION STATEMENT
Edition statement Vydanie v Smene prvé
264 #1 - PRODUCTION, PUBLICATION, DISTRIBUTION, MANUFACTURE, AND COPYRIGHT NOTICE
Place of production, publication, distribution, manufacture Bratislava :
Name of producer, publisher, distributor, manufacturer Smena ;
Place of production, publication, distribution, manufacture [Praha] :
Name of producer, publisher, distributor, manufacturer Mladá fronta :
-- Naše vojsko,
Date of production, publication, distribution, manufacture, or copyright notice 1976
300 ## - PHYSICAL DESCRIPTION
Extent 411 stran, 12 nečíslovaných stran obrazových příloh :
Other physical details ilustrace ;
Dimensions 21 cm
336 ## - CONTENT TYPE
Content type term text
Content type code txt
Source rdacontent
337 ## - MEDIA TYPE
Media type term bez média
Media type code n
Source rdamedia
338 ## - CARRIER TYPE
Carrier type term svazek
Carrier type code nc
Source rdacarrier
490 1# - SERIES STATEMENT
Series statement Máj ;
Volume/sequential designation zväzok 268
500 ## - GENERAL NOTE
General note Přeloženo z angličtiny
700 1# - ADDED ENTRY--PERSONAL NAME
Personal name Žáryová, Magda,
Dates associated with a name 1927-2009
Relationship trl
700 1# - ADDED ENTRY--PERSONAL NAME
Personal name Chorváthová, Verona
Relationship trl
700 1# - ADDED ENTRY--PERSONAL NAME
Personal name Jusková, Katarína
Relationship trl
700 1# - ADDED ENTRY--PERSONAL NAME
Personal name Dusík, Stano,
Dates associated with a name 1946-2019
Relationship ill
830 #0 - SERIES ADDED ENTRY--UNIFORM TITLE
Uniform title Máj (Smena)
910 ## - USER-OPTION DATA (OCLC)
User-option data ABA001
942 ## - ADDED ENTRY ELEMENTS (KOHA)
Source of classification or shelving scheme Dewey Decimal Classification
Koha item type Krásna literatúra pre dospelých
Suppress in OPAC No
Holdings
Stav vyradenia Strata Poškodenie Spôsob nadobudnutia Domovská knižnica Aktuálna knižnica Dátum nadobudnutia Total checkouts Čiarový kód exemplára Date last seen Typ exemplára
      Dar Obecná knižnica Horná Štubňa Obecná knižnica Horná Štubňa 26.01.2026   4736200569 26.01.2026 Krásna literatúra pre dospelých
Projekt je podporený Slovenskou asociáciou knižníc
Prevádzkuje Turčianska knižnica Martin 2026